The dialectics of the abstract and the concrete in Marx's Capital / (Record no. 28850)

MARC details
000 -LEADER
fixed length control field 01341nam a2200301 a 4500
005 - DATE AND TIME OF LATEST TRANSACTION
control field 20090803095445.0
008 - FIXED-LENGTH DATA ELEMENTS--GENERAL INFORMATION
fixed length control field 831027s1982 rur b 001 0 eng
010 ## - LCCN (DPL NO)
LC control number ENG-94614
020 ## - INTERNATIONAL STANDARD BOOK NUMBER
International Standard Book Number 9788189833381
Terms of availability 225.00
035 ## - SYSTEM CONTROL NUMBER
System control number EN-78147
037 ## - SOURCE OF ACQUISITION
Source of stock number/acquisition DBAD / PUB
040 ## - CATALOGING SOURCE
Original cataloging agency dpl
Language of cataloging English
082 ## - DEWEY DECIMAL CLASSIFICATION NUMBER
Classification number 335.411
100 ## - MAIN ENTRY--PERSONAL NAME
Personal name Ilʹenkov, Ė. V.
Fuller form of name (Ėvalʹd Vasilʹevich)
240 ## - UNIFORM TITLE
Uniform title <a href="Dialektika abstraktnogo i konkretnogo v "Kapitale" Marksa.">Dialektika abstraktnogo i konkretnogo v "Kapitale" Marksa.</a>
Language of a work English
245 ## - TITLE STATEMENT
Title The dialectics of the abstract and the concrete in Marx's Capital /
Statement of responsibility, etc by E.V. Ilyenkov; translated from the Russian by Sergei Syrovatkin
260 ## - PUBLICATION, DISTRIBUTION, ETC. (IMPRINT)
Place of publication, distribution, etc Delhi
Name of publisher, distributor, etc Aakar Books
Date of publication, distribution, etc 2008
270 ## - ADDRESS
Address 28E, Pocket IV, Mayur Vihar, Phase-I,
City Delhi
Postal code 110091
300 ## - PHYSICAL DESCRIPTION
Extent 293 p.
Dimensions 21cm(pbk)
500 ## - GENERAL NOTE
General note Translation of: Dialektika abstraktnogo i konkretnogo v "Kapitale" Marksa.
504 ## - BIBLIOGRAPHY, ETC. NOTE
Bibliography, etc Includes bibliographical references and index
600 ## - SUBJECT ADDED ENTRY--PERSONAL NAME
Personal name Marx, Karl,
Dates associated with a name 1818-1883.
Title of a work Kapital.
650 ## - SUBJECT ADDED ENTRY--TOPICAL TERM
Topical term or geographic name as entry element Dialectic
General subdivision History
Chronological subdivision 19th century.
650 ## - SUBJECT ADDED ENTRY--TOPICAL TERM
Topical term or geographic name as entry element Capital
General subdivision History
Chronological subdivision 19th century.
650 ## - SUBJECT ADDED ENTRY--TOPICAL TERM
Topical term or geographic name as entry element Economics
General subdivision History
Chronological subdivision 19th century.
942 ## - ADDED ENTRY ELEMENTS (KOHA)
Source of classification or shelving scheme Dewey Decimal Classification
Item type English Books
Classification part 335.411
Call number suffix ILY
Holdings
Withdrawn status Lost status Source of classification or shelving scheme Damaged status Not for loan Collection code Home library Current library Date acquired Source of acquisition Cost, normal purchase price Total Checkouts Full call number Barcode Date last seen Copy number Cost, replacement price Koha item type
    Dewey Decimal Classification   Not For Loan Non-fiction D.B.Act.Division D.B.Act.Division 03/08/2009 DBAD / PUB 225.00   335.411 ILY EN-78147 03/08/2009 1 225.00 English Books

© Delhi Public Library
Hit Counter
free hit counter